00573nam a22001817a 4500010001300000020001800013035001300031037001800044040001200062082001300074245009800087260004900185270004300234300002000277650003700297650003200334700002500366 aB-259197 a9781593393369 aB-259197 bCen Lib / Ret aDPLbEN a030bBRI aThe encyclopædia britannica :bbook of the year /cedited by Karen Jacobs Sparks... [et al.] aChicagobEncyclopædia Britannica, Incc2007 aEncyclopædia Britannica, IncbChicago a904p b27cm(Hb) aEncyclopedias and dictionaries.  aEnciclopedias Estrangeiras. aSparks, Karen Jacobs